Les plus longues chaînes de montagnes - Statistiques

Statistiques générales
  • Ce quiz a été pris 183 fois
  • Le résultat moyen est 3 sur 12
Statistiques - réponses
Longueur Réponse % Correct
2 400 km Himalaya
94%
2 500 km Oural
56%
7 100 km Cordillère des Andes
48%
4 800 km Montagnes Rocheuses
34%
2 400 km Appalaches
29%
2 000 km Altaï
12%
3 700 km Cordillère Australienne
4%
2 500 km Tian Shan
4%
2 000 km Laurentides
1%
3 500 km Chaîne Transantarctique
0%
3 000 km Kunlun Shan
0%
2 500 km Massif de l'Atlas
0%
Aucun quiz correspondant
Distribution des résultats
% des personnes avec chaque résultat
Percentile par nombre de réponses
Votre historique - résultats
Vous n’avez pas pris ce quiz